Zvířátka z lesa /

Hlavní autor: Izák, Martin
Jazyk: Čeština
Vydáno: Říčany : Sun, 2018
Vydání: 1. vydání
Témata:
Fyzický popis: 12 nečíslovaných stran : barevné ilustrace ; 10 x 11 cm
Knihy
Uloženo v:
LEADER 01311nam a2200397 i 4500
001 nkc20183024428
003 CZ PrNK
005 20181031164015.0
007 ta
008 180910s2018 xr a a 000 1 cze
015 |a cnb003024428 
020 |a 978-80-7567-273-5  |q (leporelo) 
035 |a (OCoLC)1066053081 
040 |a BOA001  |b cze  |e rda 
072 7 |a 821-93  |x Literatura pro děti a mládež (beletrie)  |2 Konspekt  |9 26 
080 |a 821-93  |2 MRF 
080 |a (0.025.2)  |2 MRF 
100 1 |a Izák, Martin  |7 xx0090448  |4 aut 
245 1 0 |a Zvířátka z lesa /  |c ilustrace: Martin Izák 
246 3 |a Zvířátka lesa 
250 |a 1. vydání 
264 1 |a Říčany :  |b Sun,  |c 2018 
300 |a 12 nečíslovaných stran :  |b barevné ilustrace ;  |c 10 x 11 cm 
336 |a text  |b txt  |2 rdacontent 
336 |a statický obraz  |b sti  |2 rdacontent 
337 |a bez média  |b n  |2 rdamedia 
338 |a svazek  |b nc  |2 rdacarrier 
655 7 |a publikace pro děti  |7 fd133156  |2 czenas 
655 7 |a leporela  |7 fd132727  |2 czenas 
655 9 |a children's literature  |2 eczenas 
655 9 |a folding picture-books  |2 eczenas 
910 2 |a BOA001  |b S-1414.545 
990 |a BK 
995 |a 01 
991 |b 201810  |c NOV 
996 6 |b 2610755760  |c S-1414.545  |l MZK  |r Sklad / do 24 hodin  |n 0  |p p.v.  |w 001688900  |u 000010  |a 1  |e BOA001  |j MZK50  |s P